00253 a2200121 4500001000700000020000600007040001100013100002900024240003300053245002800086362000900114440000800123168941 a  cMagnum aSilva, Rita de Cassia S.10aCabral discovers maiaralING10aCabral discovers maiara0 a1899 1aFTD